000 00432nam a2200169Ia 4500
008 170705s9999 xx 000 0 und d
020 _a9780439566179
245 _aOh my gosh, Mrs. McNosh! /
245 _cSarah Weeks ; pictures by6 Nadine Bernard Westcott.
260 _aNew York :
260 _bScholastic,
260 _c2002
300 _aunpaged :
300 _bcolor illustration ;
300 _c20cm.
500 _a230
999 _c336757
_d336757